| 000 | 01265nam a2200349 i 4500 | ||
|---|---|---|---|
| 001 | 31167 | ||
| 003 | KOSZ 005 | ||
| 005 | 20220906104656.0 | ||
| 008 | 980702s1996 pl a |000 0 pol | ||
| 015 | _aPB 1996/12583 | ||
| 020 | _a8390202913 | ||
| 040 |
_aWA N _cWA N _dKOSZ 005/HR |
||
| 046 | _k1996 | ||
| 080 | _a94(438) | ||
| 245 | 0 | 0 |
_aŚwidwin 1296-1996 : _bstudia z dziejów miasta : [opracowanie zbiorowe] / _cpod red. Bogusława Polaka ; [zespół aut. Lech Czerniak et al.]. |
| 260 |
_aKoszalin - Świdwin : _bMuzeum Okręgowe, _c1996. |
||
| 300 |
_a215, [1] s., [16] s. tabl. : _bfot., 1 mapa, portr., rys. ; _c22 cm. |
||
| 336 |
_2rdacontent _aTekst _btxt |
||
| 337 |
_2rdamedia _aBez urządzenia pośredniczącego _bn |
||
| 338 |
_2rdacarrier _aWolumin _bnc |
||
| 380 | _aKsiążki | ||
| 388 | _a1901-2000 | ||
| 388 | _a1989-2000 | ||
| 504 | _aBibliogr. s. 206-213. | ||
| 651 | 4 | _aŚwidwin (woj. zachodniopomorskie) | |
| 658 | _aHistoria | ||
| 700 | 1 |
_aPolak, Bogusław _d(1945- ) _eRedakcja |
|
| 700 | 1 |
_aCzerniak, Lech _d(1952- ) _eAutor |
|
| 710 | 2 | _aMuzeum w Koszalinie | |
| 856 |
_uhttp://koha.tu.koszalin.pl/cgi-bin/koha/opac-detail.pl?biblionumber=31167 _yKatalog online BPK |
||
| 942 |
_2UKD _cKS |
||
| 999 |
_c31167 _d31167 |
||